<?xml version="1.0" encoding="UTF-8"?>
<collection xmlns="http://www.loc.gov/MARC21/slim">
 <record>
  <leader>01679nam a22002418a 4500</leader>
  <controlfield tag="001">NCT_11989</controlfield>
  <controlfield tag="008">040524s2001              b   000 0    od</controlfield>
  <datafield tag="999" ind1=" " ind2=" ">
   <subfield code="c">572</subfield>
   <subfield code="d">572</subfield>
  </datafield>
  <datafield tag="020" ind1=" " ind2=" ">
   <subfield code="c">138000</subfield>
  </datafield>
  <datafield tag="082" ind1="0" ind2="4">
   <subfield code="2">23rd ed.</subfield>
   <subfield code="a">346.597</subfield>
   <subfield code="b">L305/T.1</subfield>
  </datafield>
  <datafield tag="100" ind1="1" ind2=" ">
   <subfield code="a">Hoàng Thế Liên</subfield>
   <subfield code="e">Chủ biên</subfield>
  </datafield>
  <datafield tag="245" ind1="1" ind2="0">
   <subfield code="a">Bình luận khoa học bộ Luật Dân sự năm 2005</subfield>
   <subfield code="n">Tập 1</subfield>
   <subfield code="p">Phần thứ nhất: Những quy định chung ; Phần thứ hai: Tài sản và quyền sở hữu</subfield>
   <subfield code="c"> Hoàng Thế Liên</subfield>
  </datafield>
  <datafield tag="250" ind1=" " ind2=" ">
   <subfield code="a">Tái bản có sửa chữa, bổ sung</subfield>
  </datafield>
  <datafield tag="260" ind1=" " ind2=" ">
   <subfield code="a">H.</subfield>
   <subfield code="b">Chính trị Quốc gia</subfield>
   <subfield code="c">2013</subfield>
  </datafield>
  <datafield tag="300" ind1=" " ind2=" ">
   <subfield code="a">326tr</subfield>
   <subfield code="c">22cm</subfield>
  </datafield>
  <datafield tag="500" ind1=" " ind2=" ">
   <subfield code="a">ĐTTS ghi: Bộ Tư pháp. Viện nghiên cứu khoa học Pháp lý</subfield>
  </datafield>
  <datafield tag="520" ind1="3" ind2=" ">
   <subfield code="a">Quá trình xây dựng và các quan điểm chỉ đạo của Đảng về sự hoàn thiện Bộ luật dân sự năm 1995. Những quy định chung, những nguyên tắc cơ bản và những điều cụ thể về năng lực pháp luật dân sự, quyền nhân thân, nơi cư trú, hộ tịch, giám hộ, pháp nhân...</subfield>
  </datafield>
  <datafield tag="653" ind1=" " ind2=" ">
   <subfield code="a">Luật học</subfield>
  </datafield>
  <datafield tag="655" ind1=" " ind2="7">
   <subfield code="a">Văn bản pháp luật</subfield>
  </datafield>
  <datafield tag="942" ind1=" " ind2=" ">
   <subfield code="2">ddc</subfield>
   <subfield code="c">BK</subfield>
  </datafield>
  <datafield tag="952" ind1=" " ind2=" ">
   <subfield code="0">0</subfield>
   <subfield code="1">0</subfield>
   <subfield code="2">ddc</subfield>
   <subfield code="4">0</subfield>
   <subfield code="6">346_597000000000000_L305_T_1</subfield>
   <subfield code="7">0</subfield>
   <subfield code="9">4095</subfield>
   <subfield code="a">000001</subfield>
   <subfield code="b">000001</subfield>
   <subfield code="d">2017-11-23</subfield>
   <subfield code="l">1</subfield>
   <subfield code="o">346.597 L305/T.1</subfield>
   <subfield code="p">MD.02785</subfield>
   <subfield code="r">2019-11-15</subfield>
   <subfield code="s">2019-11-15</subfield>
   <subfield code="v">138000.00</subfield>
   <subfield code="w">2017-11-23</subfield>
   <subfield code="y">BK</subfield>
  </datafield>
  <datafield tag="952" ind1=" " ind2=" ">
   <subfield code="0">0</subfield>
   <subfield code="1">0</subfield>
   <subfield code="2">ddc</subfield>
   <subfield code="4">0</subfield>
   <subfield code="6">346_597000000000000_L305_T_1</subfield>
   <subfield code="7">0</subfield>
   <subfield code="9">14407</subfield>
   <subfield code="a">000001</subfield>
   <subfield code="b">000001</subfield>
   <subfield code="d">2018-10-04</subfield>
   <subfield code="l">13</subfield>
   <subfield code="m">1</subfield>
   <subfield code="o">346.597 L305/T.1</subfield>
   <subfield code="p">MD.02784</subfield>
   <subfield code="r">2020-12-25</subfield>
   <subfield code="s">2020-12-15</subfield>
   <subfield code="v">138000.00</subfield>
   <subfield code="w">2018-10-04</subfield>
   <subfield code="y">BK</subfield>
  </datafield>
  <datafield tag="980" ind1=" " ind2=" ">
   <subfield code="a">Thư viện Trường Đại học Nam Cần Thơ</subfield>
  </datafield>
 </record>
</collection>
